[Event "8.Open B Week-End"]
[Site "Padova"]
[Date "2005.12.11"]
[Round "2.25"]
[White "Adami, Igor"]
[Black "Jimchi, Abdelaziz"]
[Result "1-0"]
[WhiteElo "1616"]
[BlackElo "1763"]
[Annotator "Gabriele Ballarin"]
[PlyCount "113"]
[EventDate "2005.12.10"]
[EventType "swiss"]
[EventRounds "6"]
[EventCountry "ITA"]

1. d4 f5 2. c4 g6 3. Nc3 Nf6 4. Nf3 d6 5. Bg5 Bg7 6. Rc1 O-O 7. Qc2 Nbd7 8. e3 b6 9. Bd3 Bb7 10. e4 fxe4 11. Nxe4 Nxe4 12. Bxe4 Bxe4 13. Qxe4 Qe8 14. O-O e5 15. dxe5 Bxe5 16. Nxe5 Qxe5 17. Qxe5 Nxe5 18. b3 a5 19. a4 Kg7 20. Rcd1 Rfe8 21. Rfe1 Nf7 22. Bd2 Kf8 23. Bc3 Nd8 24. Rxe8+ Kxe8 25. Re1+ Kd7 26. f3 Ne6 27. Kf2 Nc5 28. Rb1 Re8 29. Bd4 Nd3+ 30. Kf1 Kc6 31. Rd1 Nc5 32. Bxc5 Kxc5 33. Rd5+ Kb4 34. Rd3 Ka3 35. Kf2 Kb2 36. f4 Kc2 37. Rh3 Re7 38. g4 Rf7 39. Rf3 Re7 40. f5 gxf5 41. gxf5 Kb2 42. f6 Rf7 43. Kg3 Ka3 44. Kg4 Kb4 45. Kf5 c6 46. Ke6 Rf8 47. Kxd6 b5 48. Kxc6 bxc4 49. bxc4 Kxc4 50. f7 Kb4 51. Rf4+ Kb3 52. Kd7 Rxf7+ 53. Rxf7 Kxa4 54. Ke6 Kb3 55. Rxh7 a4 56. Ra7 a3 57. h4 1-0

[Event "8.Open B Week-End"]
[Site "Padova"]
[Date "2005.12.11"]
[Round "2.26"]
[White "Rigoni, Vinicio"]
[Black "Barbetta, Cosimo"]
[Result "1-0"]
[WhiteElo "1733"]
[BlackElo "1586"]
[Annotator "Gabriele Ballarin"]
[PlyCount "53"]
[EventDate "2005.12.10"]
[EventType "swiss"]
[EventRounds "6"]
[EventCountry "ITA"]

1. d4 d5 2. Nf3 Nf6 3. Bg5 e6 4. e3 Be7 5. Bd3 c5 6. c3 c4 7. Bc2 h6 8. Bf4 Bd6 9. Ne5 Bxe5 10. dxe5 Nfd7 11. h4 Nc6 12. Ba4 Qb6 13. b4 a5 14. a3 O-O 15. Bxc6 bxc6 16. Nd2 a4 17. g4 f6 18. Nf3 fxe5 19. Nxe5 Nxe5 20. Bxe5 Qb7 21. f4 Qf7 22. Qe2 g6 23. O-O-O Ba6 24. h5 Kh7 25. hxg6+ Qxg6 26. Rxh6+ Kxh6 27. Rh1+ 1-0

[Event "8.Open B Week-End"]
[Site "Padova"]
[Date "2005.12.11"]
[Round "2.27"]
[White "Cestonaro, Federico"]
[Black "You, Zi Chih Stefano"]
[Result "0-1"]
[WhiteElo "1601"]
[BlackElo "1733"]
[Annotator "Gabriele Ballarin"]
[PlyCount "156"]
[EventDate "2005.12.10"]
[EventType "swiss"]
[EventRounds "6"]
[EventCountry "ITA"]

1. d4 d5 2. c4 c6 3. Nf3 Nf6 4. Nc3 e6 5. Bg5 dxc4 6. a4 Bb4 7. e3 b5 8. Be2 Bb7 9. Qc2 O-O 10. O-O Bxc3 11. Qxc3 Ne4 12. Bxd8 Nxc3 13. bxc3 Rxd8 14. Rfb1 a6 15. axb5 cxb5 16. Ne5 Be4 17. Rb2 f6 18. f3 Bc6 19. Nxc6 Nxc6 20. f4 Ne7 21. e4 Rdb8 22. Bf3 Rb6 23. Be2 Rc8 24. Bf3 Kf7 25. Rba2 Ra8 26. d5 exd5 27. exd5 Rd6 28. Kf2 Ke8 29. Re1 Kd8 30. Rae2 Ra7 31. Re6 Rad7 32. Bg4 f5 33. Bf3 Rxe6 34. Rxe6 Nxd5 35. Bxd5 Rxd5 36. Rxa6 Rd2+ 37. Kf1 Rd3 38. Rb6 Rd5 39. Rb7 Rd3 40. Rxb5 Rxc3 41. Rc5 g6 42. Kf2 Kd7 43. Ke2 Rc2+ 44. Kf3 Kd6 45. Rc8 Rc1 46. g3 Rc3+ 47. Ke2 Rc2+ 48. Kd1 Rxh2 49. Rxc4 Kd5 50. Ra4 Rg2 51. Ke1 Rxg3 52. Ra5+ Ke6 53. Ra7 h5 54. Ra6+ Kf7 55. Ra7+ Kf6 56. Ra6+ Kg7 57. Ra7+ Kh6 58. Kf2 Rd3 59. Ra8 Rd6 60. Rh8+ Kg7 61. Ra8 Kf6 62. Rf8+ Ke6 63. Ra8 Kd5 64. Kg3 Ke4 65. Re8+ Kd3 66. Kh4 Rd4 67. Kg5 Re4 68. Rg8 Re6 69. Ra8 Ke2 70. Ra2+ Kf3 71. Ra3+ Re3 72. Ra8 Re4 73. Ra3+ Re3 74. Ra6 h4 75. Rxg6 h3 76. Kxf5 h2 77. Rh6 Kg2 78. Rg6+ Rg3 0-1

[Event "8.Open B Week-End"]
[Site "Padova"]
[Date "2005.12.11"]
[Round "2.28"]
[White "Xhani, Bujar"]
[Black "Di Cerbo, Giulia"]
[Result "1-0"]
[WhiteElo "1596"]
[BlackElo "1727"]
[Annotator "Gabriele Ballarin"]
[PlyCount "89"]
[EventDate "2005.12.10"]
[EventType "swiss"]
[EventRounds "6"]
[EventCountry "ITA"]

1. Nf3 e6 2. d3 d5 3. c3 Nf6 4. Bg5 c5 5. Nbd2 Nc6 6. e4 Be7 7. Be2 O-O 8. O-O b6 9. Re1 Bb7 10. Qa4 Qc7 11. Bf1 h6 12. Bh4 dxe4 13. dxe4 Nd7 14. Bg3 Qc8 15. e5 Rd8 16. Rad1 Nf8 17. Ne4 Ng6 18. h4 Qc7 19. Nd6 Bxd6 20. exd6 Qd7 21. h5 Nf8 22. Qg4 Nh7 23. Bh4 Re8 24. Bb5 f6 25. Bg3 Rad8 26. b4 cxb4 27. cxb4 a6 28. Ba4 b5 29. Bb3 Bc8 30. a3 Kh8 31. Nh4 Nf8 32. Ng6+ Nxg6 33. Qxg6 Rf8 34. Bc2 f5 35. Bh4 Rde8 36. g4 Rf7 37. g5 hxg5 38. Bxg5 Nd8 39. Bb3 Rg8 40. Bxd8 Rf6 41. Bxf6 gxf6 42. Qxg8+ Kxg8 43. Bxe6+ Qxe6 44. Rxe6 Bxe6 45. d7 1-0

[Event "8.Open B Week-End"]
[Site "Padova"]
[Date "2005.12.11"]
[Round "2.29"]
[White "Ferrarese, Giacomo"]
[Black "Baschirotto, Marco Dante"]
[Result "1-0"]
[WhiteElo "1721"]
[BlackElo "1544"]
[Annotator "Gabriele Ballarin"]
[PlyCount "59"]
[EventDate "2005.12.10"]
[EventType "swiss"]
[EventRounds "6"]
[EventCountry "ITA"]

1. c4 Nf6 2. g3 d5 3. cxd5 Qxd5 4. Nf3 Nc6 5. Nc3 Qd8 6. d3 e6 7. Bg2 Bb4 8. a3 Ba5 9. Bd2 O-O 10. O-O a6 11. Rb1 Rb8 12. Be3 b5 13. b4 Bb6 14. Qd2 Bb7 15. Rfc1 Bxe3 16. Qxe3 Ne7 17. Ne4 Nfd5 18. Qd2 Qd6 19. Nxd6 cxd6 20. e4 Nb6 21. Qe3 Nec8 22. Rc7 d5 23. exd5 Nxd5 24. Qc5 Nxc7 25. Qxc7 Na7 26. Ne5 Bxg2 27. Kxg2 Ra8 28. Qb7 f6 29. Nd7 Rfd8 30. Rc1 1-0

[Event "8.Open B Week-End"]
[Site "Padova"]
[Date "2005.12.11"]
[Round "2.30"]
[White "Benedetti, Maurizio"]
[Black "Alba, Riccardo"]
[Result "0-1"]
[WhiteElo "1559"]
[BlackElo "1703"]
[Annotator "Gabriele Ballarin"]
[PlyCount "44"]
[EventDate "2005.12.10"]
[EventType "swiss"]
[EventRounds "6"]
[EventCountry "ITA"]

1. e4 e5 2. Nf3 Nf6 3. Nxe5 d6 4. Nf3 Nxe4 5. d4 d5 6. Bd3 Bf5 7. O-O Bd6 8. Re1 O-O 9. Nbd2 Re8 10. c3 Nxf2 11. Rxe8+ Qxe8 12. Kxf2 Bxd3 13. Nf1 Be4 14. Qb3 b6 15. Bd2 c6 16. Ng3 f5 17. Re1 Qg6 18. Ne5 Bxe5 19. dxe5 Nd7 20. Bf4 Nc5 21. Qd1 Nd3+ 22. Kf1 Nxf4 0-1

[Event "8.Open B Week-End"]
[Site "Padova"]
[Date "2005.12.11"]
[Round "2.31"]
[White "Mancin, Michele"]
[Black "Levorin, Fabrizio"]
[Result "1-0"]
[WhiteElo "1862"]
[BlackElo "1700"]
[Annotator "Gabriele Ballarin"]
[PlyCount "44"]
[EventDate "2005.12.10"]
[EventType "swiss"]
[EventRounds "6"]
[EventCountry "ITA"]

1. e4 c6 2. d4 d5 3. exd5 cxd5 4. c4 Nf6 5. Nf3 e6 6. Nc3 Nc6 7. Be2 Be7 8. O-O O-O 9. Re1 h6 10. h3 Bb4 11. Qc2 dxc4 12. Rd1 Bxc3 13. bxc3 b5 14. Bf4 Ne7 15. Ne5 Ned5 16. Bg3 Qa5 17. Bf3 Bb7 18. Rdc1 Nh5 19. Bxh5 Nf6 20. Bf3 Bxf3 21. Nxf3 Qb6 22. Ne5 Nh5 1-0

[Event "8.Open B Week-End"]
[Site "Padova"]
[Date "2005.12.11"]
[Round "2.33"]
[White "Banovi, Alit"]
[Black "Battiston, Gianfranco"]
[Result "1-0"]
[WhiteElo "1954"]
[BlackElo "1685"]
[Annotator "Gabriele Ballarin"]
[PlyCount "30"]
[EventDate "2005.12.10"]
[EventType "swiss"]
[EventRounds "6"]
[EventCountry "ITA"]

1. d4 Nf6 2. Bg5 e6 3. e4 Be7 4. Bd3 h6 5. Be3 d6 6. f4 Nc6 7. Nd2 a6 8. a4 Na7 9. Nh3 c5 10. O-O b5 11. axb5 cxd4 12. Bxd4 Nxb5 13. e5 dxe5 14. fxe5 Nxd4 15. exf6 Bxf6 {Nur} 1-0

[Event "8.Open B Week-End"]
[Site "Padova"]
[Date "2005.12.11"]
[Round "2.35"]
[White "Padoan, Riccardo"]
[Black "Vastano, Ciro"]
[Result "1-0"]
[WhiteElo "1455"]
[BlackElo "1682"]
[Annotator "Gabriele Ballarin"]
[PlyCount "58"]
[EventDate "2005.12.10"]
[EventType "swiss"]
[EventRounds "6"]
[EventCountry "ITA"]

1. e4 e6 2. d4 d5 3. e5 c5 4. c3 Nc6 5. Bb5 Nge7 6. Nf3 Bd7 7. O-O Nxe5 8. Bxd7+ Nxd7 9. Re1 cxd4 10. Nxd4 Nc6 11. Nd2 Be7 12. N2f3 O-O 13. Nxc6 bxc6 14. Ne5 Nxe5 15. Rxe5 Bd6 16. Rh5 Rb8 17. Qg4 f5 18. Qh3 Qc7 19. Rxh7 Bf4 20. Bxf4 Qxf4 21. Qh5 Qh6 22. Rxh6 gxh6 23. Qg6+ Kh8 24. Qxh6+ Kg8 25. Qxe6+ Kh8 26. Qh6+ Kg8 27. Re1 Rxb2 28. h3 Rb7 29. Re6 Rff7 1-0

[Event "8.Open B Week-End"]
[Site "Padova"]
[Date "2005.12.11"]
[Round "2.37"]
[White "Peluso, Lorenzo"]
[Black "Vaglio, Alessandro"]
[Result "1/2-1/2"]
[WhiteElo "1428"]
[BlackElo "1661"]
[Annotator "Gabriele Ballarin"]
[PlyCount "107"]
[EventDate "2005.12.10"]
[EventType "swiss"]
[EventRounds "6"]
[EventCountry "ITA"]

1. e4 e5 2. Nf3 Nf6 3. Nc3 Bb4 4. Bc4 O-O 5. Nd5 Nxd5 6. Bxd5 c6 7. Bb3 d5 8. c3 Ba5 9. Qc2 Re8 10. O-O Bg4 11. Qd3 d4 12. Qc4 Be6 13. Qd3 Bxb3 14. axb3 c5 15. Qb5 Bb6 16. d3 Nc6 17. Qc4 h6 18. Bd2 Qd6 19. Nh4 Ne7 20. f4 Ng6 21. Nxg6 Qxg6 22. f5 Qd6 23. Rf3 Bc7 24. Raf1 Bd8 25. Qb5 Bf6 26. Qxb7 Reb8 27. Qd5 Qxd5 28. exd5 Rxb3 29. Rb1 Rab8 30. c4 Rxb2 31. Rxb2 Rxb2 32. Bc1 Rb3 33. Kf2 a5 34. Ke1 Rb1 35. Kd2 Bg5+ 36. Kc2 Rxc1+ 37. Kb3 Bd2 38. f6 g6 39. d6 a4+ 40. Kxa4 Ra1+ 41. Kb5 Bb4 42. Kb6 Ra8 43. d7 Rd8 44. Kc6 Kh7 45. h4 g5 46. h5 Ba5 47. Rf2 Ra8 48. Ra2 Ra6+ 49. Kb5 Rd6 50. Rxa5 Rxd7 51. Kxc5 Rd8 52. Ra7 Kg8 53. Kc6 Kf8 54. Rd7 1/2-1/2

[Event "8.Open B Week-End"]
[Site "Padova"]
[Date "2005.12.11"]
[Round "2.38"]
[White "Menini, Luca"]
[Black "Chiodini, Sebastiano"]
[Result "1-0"]
[WhiteElo "1652"]
[BlackElo "1419"]
[Annotator "Gabriele Ballarin"]
[PlyCount "89"]
[EventDate "2005.12.10"]
[EventType "swiss"]
[EventRounds "6"]
[EventCountry "ITA"]

1. d4 d5 2. c4 e6 3. Nc3 Nf6 4. Bg5 Nbd7 5. Nf3 c6 6. a3 Qa5 7. b4 Qc7 8. e3 a5 9. c5 Be7 10. b5 e5 11. b6 Qb8 12. Be2 O-O 13. h3 Re8 14. O-O Ne4 15. Nxe4 dxe4 16. Bxe7 Rxe7 17. Nd2 exd4 18. exd4 Nf6 19. Nc4 Be6 20. Qa4 Bxc4 21. Bxc4 Qd8 22. Rad1 Nd5 23. Bxd5 Qxd5 24. Rfe1 g6 25. Re3 f5 26. f3 Kf7 27. Rde1 Rd8 28. fxe4 Qxd4 29. Qxd4 Rxd4 30. exf5 Rxe3 31. fxg6+ hxg6 32. Rxe3 Rc4 33. Rd3 Re4 34. Kf2 Ke7 35. Re3 Rxe3 36. Kxe3 Ke6 37. Ke4 Kf6 38. h4 Ke6 39. g4 Kf6 40. g5+ Ke6 41. a4 Ke7 42. Ke5 Kf7 43. Kd6 Ke8 44. Kc7 Ke7 45. Kxb7 1-0

[Event "8.Open B Week-End"]
[Site "Padova"]
[Date "2005.12.11"]
[Round "3.1"]
[White "Zanin, Dario"]
[Black "Dvirnyy, Danyyil"]
[Result "1/2-1/2"]
[WhiteElo "2044"]
[BlackElo "2272"]
[Annotator "Gabriele Ballarin"]
[PlyCount "67"]
[EventDate "2005.12.10"]
[EventType "swiss"]
[EventRounds "6"]
[EventCountry "ITA"]

1. Nf3 Nf6 2. c4 Nc6 3. Nc3 e5 4. g3 d5 5. cxd5 Nxd5 6. d3 Be7 7. Bg2 Nb6 8. Be3 O-O 9. O-O Re8 10. Rc1 Bf8 11. Na4 Nd4 12. Nc5 Nxf3+ 13. Bxf3 Nd5 14. Bd2 c6 15. b4 b6 16. Nb3 Bb7 17. a3 Qd7 18. Rc2 Rad8 19. Qc1 f5 20. Bg5 Rc8 21. e4 Ne7 22. Rd1 fxe4 23. Bxe4 Nf5 24. Qb2 g6 25. Rdc1 Bg7 26. a4 Nd6 27. Bg2 e4 28. Qa2 Kh8 29. dxe4 Nxe4 30. Be3 Qd3 31. Bf1 Qd6 32. Bg2 Qd3 33. Bf1 Qd6 34. Bg2 1/2-1/2

[Event "8.Open B Week-End"]
[Site "Padova"]
[Date "2005.12.11"]
[Round "3.2"]
[White "Caruso, Augusto"]
[Black "Quaranta, Cristiano"]
[Result "1-0"]
[WhiteElo "2244"]
[BlackElo "2026"]
[Annotator "Gabriele Ballarin"]
[PlyCount "43"]
[EventDate "2005.12.10"]
[EventType "swiss"]
[EventRounds "6"]
[EventCountry "ITA"]

1. Nc3 c5 2. Nf3 Nc6 3. d4 cxd4 4. Nxd4 g6 5. g3 Bg7 6. Nb3 a5 7. a4 Nf6 8. Bg2 d6 9. O-O O-O 10. Bg5 Be6 11. Qc1 Rc8 12. Bh6 Bxb3 13. Bxg7 Kxg7 14. cxb3 Nd4 15. Qd1 Qb6 16. Ra3 Nc6 17. Qd2 Qd4 18. Qg5 h6 19. Qb5 Qb4 20. e3 Rc7 21. Raa1 Nd7 22. Nd5 1-0

[Event "8.Open B Week-End"]
[Site "Padova"]
[Date "2005.12.11"]
[Round "3.3"]
[White "Moi, Roberto"]
[Black "Bonafede, Alessandro"]
[Result "0-1"]
[WhiteElo "1994"]
[BlackElo "2147"]
[Annotator "Gabriele Ballarin"]
[PlyCount "50"]
[EventDate "2005.12.10"]
[EventType "swiss"]
[EventRounds "6"]
[EventCountry "ITA"]

1. d4 f5 2. g3 Nf6 3. Bg2 g6 4. Nf3 Bg7 5. O-O O-O 6. c4 d6 7. Nc3 e6 8. Re1 Ne4 9. Nxe4 fxe4 10. Ng5 d5 11. h4 Nc6 12. e3 a5 13. Bh3 Qf6 14. Rf1 h6 15. cxd5 exd5 16. Bxc8 Raxc8 17. Nh3 Qf5 18. Nf4 g5 19. hxg5 hxg5 20. g4 Qd7 21. Nh5 Rf3 22. Kg2 Qxg4+ 23. Ng3 Rcf8 24. Bd2 Ne7 25. Qe2 Rxg3+ 0-1

[Event "8.Open B Week-End"]
[Site "Padova"]
[Date "2005.12.11"]
[Round "3.4"]
[White "Carini, Massimo"]
[Black "Marson, Luca"]
[Result "1-0"]
[WhiteElo "2140"]
[BlackElo "1972"]
[Annotator "Gabriele Ballarin"]
[PlyCount "71"]
[EventDate "2005.12.10"]
[EventType "swiss"]
[EventRounds "6"]
[EventCountry "ITA"]

1. e4 c5 2. Nf3 Nc6 3. c3 d5 4. exd5 Qxd5 5. d4 Nf6 6. Be2 cxd4 7. cxd4 e6 8. Nc3 Qd6 9. O-O Be7 10. Nb5 Qb8 11. g3 Nd5 12. Bc4 a6 13. Bxd5 axb5 14. Be4 O-O 15. Be3 Rd8 16. Qb1 g6 17. h4 e5 18. dxe5 Nxe5 19. Bf4 Nxf3+ 20. Bxf3 Qa7 21. Qe4 Be6 22. h5 Bf6 23. Be5 Bxe5 24. Qxe5 Qd4 25. Qxb5 Bc4 26. Qxb7 Bxf1 27. Rxf1 Rab8 28. Qc7 Rxb2 29. a4 Ra2 30. a5 Qd2 31. a6 Qa5 32. Qe7 Rf8 33. h6 Qxa6 34. Qe5 f6 35. Qe7 Qa7 36. Bd5+ 1-0

[Event "8.Open B Week-End"]
[Site "Padova"]
[Date "2005.12.11"]
[Round "3.5"]
[White "Giuriato, Sergio"]
[Black "Omeri, Silvan"]
[Result "1/2-1/2"]
[WhiteElo "1992"]
[BlackElo "2128"]
[Annotator "Gabriele Ballarin"]
[PlyCount "133"]
[EventDate "2005.12.10"]
[EventType "swiss"]
[EventRounds "6"]
[EventCountry "ITA"]

1. d4 Nf6 2. c4 g6 3. Nf3 Bg7 4. g3 d5 5. cxd5 Nxd5 6. Bg2 O-O 7. O-O c6 8. e4 Nb6 9. Nc3 Bg4 10. Ne2 e5 11. dxe5 Bxf3 12. Bxf3 Bxe5 13. Qc2 Na6 14. Bg2 Nb4 15. Qb3 Nd3 16. Bh6 Nxb2 17. Rab1 Qf6 18. Bxf8 Rxf8 19. f4 Bd4+ 20. Kh1 N6c4 21. e5 Qd8 22. Rxb2 Nxb2 23. Rb1 Bb6 24. Rxb2 Qd7 25. h4 Rd8 26. Kh2 Kg7 27. a4 Qf5 28. Qc4 Qc8 29. Bh3 Qc7 30. Qe4 Rd5 31. h5 Qe7 32. hxg6 hxg6 33. Qb4 Qd8 34. Qe4 Qe7 35. Qf3 Qd8 36. Qg4 Qe7 37. Bg2 Rd1 38. Be4 Rd8 39. Qf3 Qc5 40. Rc2 Qa5 41. Qc3 Qxa4 42. e6+ f6 43. Qc4 Qxc4 44. Rxc4 f5 45. Bf3 Kf6 46. g4 Kxe6 47. gxf5+ gxf5 48. Nc3 Rd4 49. Rxd4 Bxd4 50. Ne2 Bb2 51. Kg2 a5 52. Ng3 a4 53. Bd1 a3 54. Bb3+ Kf6 55. Kf3 b5 56. Ke3 c5 57. Kd2 c4 58. Ba2 Bd4 59. Ne2 Bb6 60. Nc3 Ba5 61. Kc2 Bxc3 62. Kxc3 Kg6 63. Kb4 Kh5 64. Kxa3 Kg4 65. Kb4 Kxf4 66. Kxb5 c3 67. Bb1 1/2-1/2

[Event "8.Open B Week-End"]
[Site "Padova"]
[Date "2005.12.11"]
[Round "3.6"]
[White "Xia, Jie"]
[Black "Pomaro, Alberto"]
[Result "1-0"]
[WhiteElo "2111"]
[BlackElo "1971"]
[Annotator "Gabriele Ballarin"]
[PlyCount "77"]
[EventDate "2005.12.10"]
[EventType "swiss"]
[EventRounds "6"]
[EventCountry "ITA"]

1. e4 d6 2. d4 g6 3. Nc3 Bg7 4. f4 Nf6 5. Nf3 Bg4 6. Be3 c6 7. h3 Bxf3 8. Qxf3 Qa5 9. O-O-O d5 10. Kb1 dxe4 11. Nxe4 Nxe4 12. Qxe4 Nd7 13. Bc4 Nf6 14. Qe5 Qb4 15. Bb3 e6 16. Bd2 Qe7 17. c4 O-O-O 18. d5 Ne8 19. Qe3 c5 20. dxe6 Bd4 21. Qf3 f5 22. Rhe1 Nf6 23. Bc2 Rd6 24. g4 fxg4 25. hxg4 Rb6 26. Bc3 Rd8 27. f5 Nxg4 28. Bxd4 Rxd4 29. fxg6 hxg6 30. Rxd4 cxd4 31. Qxg4 Rxb2+ 32. Kc1 Rxa2 33. Qxd4 Qa3+ 34. Kd2 Qb4+ 35. Qc3 Qd6+ 36. Kc1 Qa6 37. Qh8+ Kc7 38. Qe5+ Kc8 39. Re3 1-0

[Event "8.Open B Week-End"]
[Site "Padova"]
[Date "2005.12.11"]
[Round "3.7"]
[White "Lavric, Mihail"]
[Black "Ravagnani, Tiziano"]
[Result "1-0"]
[WhiteElo "1971"]
[BlackElo "2091"]
[Annotator "Gabriele Ballarin"]
[PlyCount "109"]
[EventDate "2005.12.10"]
[EventType "swiss"]
[EventRounds "6"]
[EventCountry "ITA"]

1. d4 Nf6 2. c4 g6 3. Nc3 d5 4. Nf3 Bg7 5. Bf4 c5 6. e3 Nc6 7. Be2 O-O 8. O-O dxc4 9. Bxc4 cxd4 10. Nxd4 e5 11. Nxc6 Qxd1 12. Ne7+ Kh8 13. Raxd1 exf4 14. exf4 Bg4 15. f3 Rfe8 16. Ned5 Nxd5 17. Bxd5 Be6 18. Bxe6 fxe6 19. Rd7 Rad8 20. Rfd1 Bf6 21. Rxd8 Rxd8 22. Rxd8+ Bxd8 23. Ne4 h6 24. Kf2 Bb6+ 25. Ke2 Kg7 26. b3 Bg1 27. h3 h5 28. Kd3 h4 29. Nd6 Kf6 30. Ke4 b6 31. Nb5 a5 32. Nd6 Bf2 33. Nc4 Bc5 34. Ne5 Bg1 35. Ng4+ Ke7 36. Kd3 Bc5 37. Ne5 Kf6 38. Nd7+ Kf5 39. Nxc5 bxc5 40. Ke3 e5 41. fxe5 Kxe5 42. f4+ Kd5 43. Kd3 Ke6 44. Ke4 Kf6 45. Kf3 Kf5 46. a4 Ke6 47. g3 hxg3 48. Kxg3 Kd5 49. f5 gxf5 50. h4 c4 51. bxc4+ Kxc4 52. h5 Kb4 53. h6 Kxa4 54. h7 Kb3 55. h8=Q 1-0

[Event "8.Open B Week-End"]
[Site "Padova"]
[Date "2005.12.11"]
[Round "3.8"]
[White "Sinato, Fabrizio"]
[Black "Gennari, Leone"]
[Result "1/2-1/2"]
[WhiteElo "1942"]
[BlackElo "2038"]
[Annotator "Gabriele Ballarin"]
[PlyCount "42"]
[EventDate "2005.12.10"]
[EventType "swiss"]
[EventRounds "6"]
[EventCountry "ITA"]

1. e4 e6 2. d4 d5 3. exd5 exd5 4. Nf3 Bd6 5. Bd3 Ne7 6. Bg5 f6 7. Bh4 Bf5 8. O-O O-O 9. Nc3 c6 10. Bg3 Bxd3 11. Qxd3 Bxg3 12. hxg3 Ng6 13. Rfe1 Na6 14. Ne2 Qd7 15. Nh4 Nxh4 16. gxh4 Rae8 17. Ng3 g6 18. h5 Kg7 19. Qf3 Rxe1+ 20. Rxe1 Re8 21. Re2 Nc7 1/2-1/2

[Event "8.Open B Week-End"]
[Site "Padova"]
[Date "2005.12.11"]
[Round "3.9"]
[White "Pojer, Romeo"]
[Black "Battagin_214, Mosè"]
[Result "1-0"]
[WhiteElo "2153"]
[BlackElo "1802"]
[Annotator "Gabriele Ballarin"]
[PlyCount "89"]
[EventDate "2005.12.10"]
[EventType "swiss"]
[EventRounds "6"]
[EventCountry "ITA"]

1. c4 f5 2. Nc3 Nf6 3. Nf3 d6 4. d3 e5 5. e4 Nc6 6. Rb1 Be7 7. Be2 O-O 8. O-O Qe8 9. b4 fxe4 10. dxe4 Kh8 11. b5 Nb8 12. h3 Be6 13. Ng5 Bg8 14. Be3 Nbd7 15. Nf3 b6 16. Nd2 Nc5 17. Bxc5 bxc5 18. Nd5 Bd8 19. a4 Be6 20. Rb3 c6 21. Ne3 Ba5 22. Bf3 Rd8 23. Rd3 cxb5 24. axb5 Qg6 25. Nb3 Bc7 26. Kh2 Nxe4 27. Qe2 Nf6 28. Bd5 Bc8 29. Nd2 Nh5 30. g3 Nf6 31. Bg2 Qh6 32. Ra3 Bb8 33. Nb3 Bd7 34. Na5 e4 35. Rd1 Qg5 36. Nb7 Qe5 37. Nxd8 Rxd8 38. Nd5 Re8 39. Re3 Bf5 40. Nxf6 Qxf6 41. f3 d5 42. cxd5 Qd6 43. fxe4 Rxe4 44. Bxe4 Bxe4 45. Qg4 1-0

[Event "8.Open B Week-End"]
[Site "Padova"]
[Date "2005.12.11"]
[Round "3.10"]
[White "Valentini, Paola"]
[Black "Damia, Angelo"]
[Result "0-1"]
[WhiteElo "2004"]
[BlackElo "2137"]
[Annotator "Gabriele Ballarin"]
[PlyCount "88"]
[EventDate "2005.12.10"]
[EventType "swiss"]
[EventRounds "6"]
[EventCountry "ITA"]

1. c4 d6 2. Nc3 e5 3. g3 Nc6 4. Bg2 Be7 5. d3 h5 6. Nf3 h4 7. Bd2 h3 8. Bf1 g5 9. Ne4 g4 10. Ng1 f5 11. Nc3 Nf6 12. e3 Be6 13. a3 d5 14. Qc2 dxc4 15. dxc4 e4 16. Nce2 Qd7 17. O-O-O O-O-O 18. Nf4 Bf7 19. Nge2 Ne5 20. Nd4 c5 21. Nb3 Qa4 22. Na5 Qxc2+ 23. Kxc2 b6 24. Nb3 Nxc4 25. Bxc4 Bxc4 26. Ng6 Rhe8 27. Bc3 Bd3+ 28. Kc1 Nd5 29. Be5 Bg5 30. Bf4 Nxf4 31. Nxf4 Bf6 32. Na1 c4 33. Nc2 a5 34. a4 Kb7 35. Na3 c3 36. b3 Be7 37. Nc2 Bc5 38. Rhe1 Bxc2 39. Kxc2 Rd2+ 40. Rxd2 cxd2 41. Rd1 Bb4 42. Ne2 Rc8+ 43. Kb2 Ka6 44. Nd4 Rc1 0-1

[Event "8.Open B Week-End"]
[Site "Padova"]
[Date "2005.12.11"]
[Round "3.11"]
[White "Rodeghiero, Andrea"]
[Black "Badiale, Riccardo"]
[Result "1-0"]
[WhiteElo "1494"]
[BlackElo "1729"]
[Annotator "Gabriele Ballarin"]
[PlyCount "79"]
[EventDate "2005.12.10"]
[EventType "swiss"]
[EventRounds "6"]
[EventCountry "ITA"]

1. c4 c5 2. Nf3 Nc6 3. d4 cxd4 4. Nxd4 Nf6 5. g3 g6 6. Nc3 Bg7 7. Bg2 O-O 8. Nc2 d6 9. O-O a6 10. Rb1 Qc7 11. b4 Ne5 12. Nd5 Nxd5 13. cxd5 Nc4 14. Ne3 Bd7 15. Nxc4 Qxc4 16. Bg5 f6 17. Bd2 Qxa2 18. Bc3 Qc4 19. Rc1 Rfc8 20. Qd2 Qb5 21. Qe3 Kf8 22. Be4 Bh3 23. Rfd1 Qe8 24. f3 Bd7 25. g4 Qd8 26. h4 Kf7 27. h5 Qh8 28. hxg6+ hxg6 29. Bd2 Qh3 30. Qf2 f5 31. Bb1 Rh8 32. Qg2 fxg4 33. Qxh3 Rxh3 34. fxg4 Rg3+ 35. Kf2 Rxg4 36. Rc7 Ke8 37. Kf3 Bf5 38. e4 Bxe4+ 39. Bxe4 Rxe4 40. Kxe4 1-0

[Event "8.Open B Week-End"]
[Site "Padova"]
[Date "2005.12.11"]
[Round "3.12"]
[White "Cacco, Christian"]
[Black "Ferrarese, Giacomo"]
[Result "1-0"]
[WhiteElo "2393"]
[BlackElo "1721"]
[Annotator "Gabriele Ballarin"]
[PlyCount "49"]
[EventDate "2005.12.10"]
[EventType "swiss"]
[EventRounds "6"]
[EventCountry "ITA"]

1. d4 f5 2. g3 Nf6 3. Bg2 e6 4. Nf3 Be7 5. c4 d5 6. Nc3 c6 7. Qc2 Nbd7 8. cxd5 Nxd5 9. O-O N7f6 10. Ne5 Bd6 11. Nc4 Bc7 12. e4 Nxc3 13. bxc3 fxe4 14. Ba3 b5 15. Nd2 Bd6 16. Bxd6 Qxd6 17. Nxe4 Nxe4 18. Qxe4 Bd7 19. Qf3 O-O-O 20. a4 Qd5 21. axb5 Rhf8 22. Qxf8 Rxf8 23. Bxd5 cxd5 24. Rxa7 Rf3 25. b6 1-0

[Event "8.Open B Week-End"]
[Site "Padova"]
[Date "2005.12.11"]
[Round "3.13"]
[White "Alba, Riccardo"]
[Black "Danieli, Enrico"]
[Result "1/2-1/2"]
[WhiteElo "1703"]
[BlackElo "2163"]
[Annotator "Gabriele Ballarin"]
[PlyCount "59"]
[EventDate "2005.12.10"]
[EventType "swiss"]
[EventRounds "6"]
[EventCountry "ITA"]

1. d4 Nf6 2. c4 c5 3. d5 b5 4. e3 d6 5. h3 g6 6. Nf3 Bg7 7. Qc2 O-O 8. e4 e6 9. Be3 exd5 10. exd5 Re8 11. Bd3 bxc4 12. Bxc4 Na6 13. a3 Qb6 14. Nc3 Rb8 15. Rb1 Nc7 16. O-O Qb7 17. Rfd1 Bf5 18. Bd3 Bxd3 19. Qxd3 Nb5 20. Nxb5 Qxb5 21. Qxb5 Rxb5 22. b4 Reb8 23. Rbc1 cxb4 24. axb4 Nxd5 25. Bxa7 Ra8 26. Bd4 Nf4 27. Kf1 d5 28. Bc5 Ra2 29. Bd6 Ne6 30. Rc8+ 1/2-1/2

[Event "8.Open B Week-End"]
[Site "Padova"]
[Date "2005.12.11"]
[Round "3.14"]
[White "Borin, Fabio"]
[Black "Carlassara, Renato"]
[Result "1/2-1/2"]
[WhiteElo "2128"]
[BlackElo "1694"]
[Annotator "Gabriele Ballarin"]
[PlyCount "62"]
[EventDate "2005.12.10"]
[EventType "swiss"]
[EventRounds "6"]
[EventCountry "ITA"]

1. e4 e5 2. Nf3 Nc6 3. Nc3 Nf6 4. d4 exd4 5. Nxd4 Bb4 6. Nxc6 bxc6 7. Bd3 d5 8. exd5 cxd5 9. Qe2+ Qe7 10. Qxe7+ Bxe7 11. Nb5 Bb4+ 12. c3 Ba5 13. Bf4 c6 14. Nd6+ Ke7 15. O-O-O Rd8 16. Rhe1+ Kf8 17. Nf5 Bxf5 18. Bxf5 d4 19. b4 Bb6 20. c4 c5 21. a3 a5 22. b5 Re8 23. Bd6+ Kg8 24. Be7 g6 25. Bxf6 gxf5 26. Re5 Rxe5 27. Bxe5 Re8 28. f4 Re6 29. Rd3 f6 30. Bb8 Re8 31. Bd6 Re6 {=} 1/2-1/2